LEADER 01414nam0 22003733i 450 001 VAN00254645 005 20240806101441.96 017 70$2N$a9783642876431 100 $a20230214d1968 |0itac50 ba 101 $aeng 102 $aDE 105 $a|||| ||||| 200 1 $aNonlinear Differential Equations of Chemically Reacting Systems$fGeorge R. Gavalas 210 $aBerlin$cSpringer$d1968 215 $ax, 110 p.$cill.$d24 cm 410 1$1001VAN00048430$12001 $aSpringer tracts in natural philosophy$1210 $aBerlin [etc.]$cSpringer$v17 606 $a46Txx$xNonlinear functional analysis [MSC 2020]$3VANC026835$2MF 606 $a80-XX$xClassical thermodynamics, heat transfer [MSC 2020]$3VANC022357$2MF 610 $aChemical reactions$9KW:K 610 $aDifferential equations$9KW:K 610 $aDiffusion$9KW:K 610 $aEquations$9KW:K 610 $aInvariant$9KW:K 610 $aKinetics$9KW:K 610 $aManifolds$9KW:K 610 $aMathematica$9KW:K 610 $areactions$9KW:K 700 1$aGavalas$bGeorge R.$3VANV207671$013748 801 $aIT$bSOL$c20250905$gRICA 856 4 $uhttps://doi.org/10.1007/978-3-642-87643-1$zE-book ? Accesso al full-text attraverso riconoscimento IP di Ateneo, proxy e/o Shibboleth 912 $fN 912 $aVAN00254645 996 $aNonlinear Differential Equations of Chemically Reacting Systems$9118532 997 $aUNICAMPANIA LEADER 01795nam2 2200373 i 450 001 VAN00050584 005 20250915103302.802 010 $a35-406-4009-6 100 $a20060830d1998 |0itac50 ba 101 $aeng 102 $aDE 105 $a|||| ||||| 181 $ai$b e 182 $an 183 $anc 200 1 $aˆ1: ‰Cartesian currents$fMariano Giaquinta, Giuseppe Modica, Jiri Soucek 210 $aBerlin$aHeidelberg$cSpringer$d1998 215 $aXXIV, 711 p.$d24 cm 410 1$1001VAN00057218$12001 $aErgebnisse der Mathematik und ihrer Grenzgebiete, 3. Folge, A series of modern surveys in mathematics$1210 $aBerlin [etc.]$cSpringer$d1983-$v37 461 1$1001VAN00050583$12001 $aCartesian currents in the calculus of variations$fMariano Giaquinta, Giuseppe Modica, Jiri Soucek$1210 $aBerlin$aHeidelberg$cSpringer$d1998$1215 $a2 volumi$d24 cm$v1 606 $a49-XX$xCalculus of variations and optimal control; optimization [MSC 2020]$3VANC019757$2MF 620 $dBerlin$3VANL000066 620 $aDE$dHeidelberg$3VANL000282 700 1$aGiaquinta$bMariano$3VANV039752$042383 701 1$aModica$bGiuseppe$3VANV039753$056742 701 1$aSoucek$bJiri$3VANV039754$055344 712 $aSpringer $3VANV108073$4650 801 $aIT$bSOL$c20250919$gRICA 856 4 $u/sebina/repository/catalogazione/documenti/Giaquinta, Modica, Soucek - Cartesian currents in the calculus of variations 1.pdf$zContents 899 $aBIBLIOTECA DEL DIPARTIMENTO DI MATEMATICA E FISICA$1IT-CE0120$2VAN08 912 $aVAN00050584 950 $aBIBLIOTECA DEL DIPARTIMENTO DI MATEMATICA E FISICA$d08PREST 49-XX 1590 $e08 5431 II 20060830 996 $aCartesian currents$93639874 997 $aUNICAMPANIA LEADER 01574nas# 2200325 i 450 001 VAN00000414 005 20260326115216.354 011 $a0766-3838 100 $a20020508a1985 |0itac50 ba 101 $afre 102 $aFR 105 $a|||| ||||| 110 $aaj||||||||| 181 $ai$b e 182 $an 183 $anc 200 1 $aDroits$erevue française de théorie juridique 210 $aParis$cPresses universitaires de France$d1985- 215 $avolumi$d22 cm 517 1$3VAN00077446$aDroits 606 $aFilosofia e teoria del diritto$xSeriali$3VANC030972$2SG 620 $dParis$3VANL000046 676 $a340.105$cFilosofia e teoria del diritto. Seriali$v20 712 $aPresses universitaires de France $3VANV108556$4650 801 $aIT$bSOL$c20260327$gRICA 899 $aBIBLIOTECA DEL DIPARTIMENTO DI GIURISPRUDENZA$1IT-CE0105$2VAN00$41994-1997; 1999;$cSALA BIANCA sc. 1 ; 912 $aVAN00000414 950 $aBIBLIOTECA DEL DIPARTIMENTO DI GIURISPRUDENZA$3119001$b001994-1997; 1999;$d00RIV SALA BIANCA sc. 1 1995 $e00RIV1745 20131210 $d00RIV SALA BIANCA sc. 1 1996 $e00RIV1746 20131210 $d00RIV SALA BIANCA sc. 1 1997 $e00RIV1747 20131210 $d00RIV SALA BIANCA sc. 1 1999 $e00RIV1748 20131210 $d00RIV SALA BIANCA sc. 1 1994 $e00RIV3901 20200206 996 $aDroits$9797883 997 $aUNICAMPANIA